LEADER 02636nam 2200577Ia 450 001 9910831197603321 005 20230725041244.0 010 $a0-470-54956-4 010 $a1-282-30627-8 010 $a9786612306273 010 $a1-118-26774-5 010 $a0-470-54955-6 035 $a(CKB)1000000000807366 035 $a(EBL)469671 035 $a(OCoLC)476874783 035 $a(SSID)ssj0000302674 035 $a(PQKBManifestationID)11232386 035 $a(PQKBTitleCode)TC0000302674 035 $a(PQKBWorkID)10266709 035 $a(PQKB)10826877 035 $a(MiAaPQ)EBC469671 035 $a(EXLCZ)991000000000807366 100 $a20090428d2010 uy 0 101 0 $aeng 135 $aur|n|---||||| 181 $ctxt 182 $cc 183 $acr 200 10$aMastering financial accounting essentials$b[electronic resource] $ethe critical nuts and bolts /$fStuart A. McCrary 210 $aHoboken, N.J. $cJohn Wiley & Sons$dc2010 215 $a1 online resource (176 p.) 225 1 $aWiley finance series 300 $aIncludes index. 311 $a0-470-39332-7 327 $aMastering Financial Accounting Essentials: The Critical Nuts and Bolts; Contents; Preface; Acknowledgments; Chapter 1: Creating Ledger Accounting; Chapter 2: Accounting Conventions; Chapter 3: Balance Sheet; Chapter 4: Adding an Income Statement; Chapter 5: Timing and Accrual Accounting; Chapter 6: The Statement of Cash Flows; Chapter 7: Ensuring Integrity; Chapter 8: Financial Statement Analysis; COLLECTED QUESTIONS; ANSWERS; About the Author; Index 330 $aAn indispensable hands-on guide to financial accounting In light of recent accounting scandals, it is critical that all financial practitioners understand and play by the rules of the accounting field. Starting from the assumption that the reader is not familiar with any accounting jargon, Mastering Financial Accounting Essentials presents material in a way that explains the key features of modern accounting step by step and helps you develop an intuitive understanding of accounting. Each chapter presents important accounting concepts, from inventory valuation methods and the t 410 0$aWiley finance series. 606 $aAccounting 606 $aFinancial statements 615 0$aAccounting. 615 0$aFinancial statements. 676 $a650.01513 676 $a657 700 $aMcCrary$b Stuart A$01615875 801 0$bMiAaPQ 801 1$bMiAaPQ 801 2$bMiAaPQ 906 $aBOOK 912 $a9910831197603321 996 $aMastering financial accounting essentials$94030418 997 $aUNINA LEADER 03379nam 2200781z- 450 001 9910557109503321 005 20210501 035 $a(CKB)5400000000040952 035 $a(oapen)https://directory.doabooks.org/handle/20.500.12854/68485 035 $a(oapen)doab68485 035 $a(EXLCZ)995400000000040952 100 $a20202105d2021 |y 0 101 0 $aeng 135 $aurmn|---annan 181 $ctxt$2rdacontent 182 $cc$2rdamedia 183 $acr$2rdacarrier 200 00$aAdvances in Elastomers 210 $aBasel, Switzerland$cMDPI - Multidisciplinary Digital Publishing Institute$d2021 215 $a1 online resource (142 p.) 311 08$a3-0365-0434-6 311 08$a3-0365-0435-4 330 $aElastomer materials are characterized by their high elongation and (entropy) elasticity, which makes them indispensable for widespread applications in various engineering and medical areas as well as consumer goods. This book focuses on the state-of-the-art of elastomers covering all aspects from their properties to applications. The development and testing of advanced elastomers is of particular interest. Attention is given to various aspects of elastomers, such as ever-increasing environmental concepts dealing with recyclability and reusability, incorporation of functional groups or additives to obtain novel functionality or bioelastomers, analytical description of mechanisms and structure relations of the fracture behavior of elastomers, and their external stimuli-responsive character. The scope of the book encompasses contributions at the frontier of science in polymer network synthesis, experimental and theoretical physics of polymer networks, and new structures and functionalities incorporated into elastomers leading to enhanced properties of crosslinked elastomeric materials, among others. 606 $aHistory of engineering and technology$2bicssc 610 $aabrasion 610 $aacrylonitrile-butadiene rubber 610 $abio-based plasticizer 610 $abio-oil 610 $abiodegradation 610 $abuffing dust collagen (BDC) 610 $acarbon black 610 $acoating 610 $aeco-friendly plasticizer 610 $aelastomer 610 $aelastomers 610 $aelectrical resistance 610 $afiller 610 $afriction 610 $ahetero-aggregation 610 $ain-situ silica 610 $amagnetic particle 610 $amagnetorheological 610 $amagnetorheological elastomer 610 $amechanical testing 610 $an/a 610 $ananosized Ni-Mg cobalt ferrites 610 $aNBR 610 $aparticle coating 610 $apolymer composites 610 $aresistivity 610 $arheological 610 $arheological properties 610 $arubber compounds 610 $asmart materials 610 $astyrene-butadiene rubber (SBR) 610 $atear fatigue test 610 $athermo-oxidative aging 610 $avibration damping 610 $aviscoelastic 610 $aviscoelasticity 610 $avulcanized rubber 615 7$aHistory of engineering and technology 700 $aSedlac?i?k$b Michal$4edt$00 702 $aSedlac?i?k$b Michal$4oth 906 $aBOOK 912 $a9910557109503321 996 $aAdvances in Elastomers$93022591 997 $aUNINA